Новая книга о рабочем движении: В. П. Андреев, Д. В. Воронин "Шахтеры и шахтерское движение в Кузбассе в 1989-1991 гг."; Известия Томского политехнического университета [Известия ТПУ]; Т. 305, вып. 7 : Сибирь в евразийском пространстве

التفاصيل البيبلوغرافية
Parent link:Известия Томского политехнического университета [Известия ТПУ]/ Томский политехнический университет (ТПУ).— , 2000-
Т. 305, вып. 7 : Сибирь в евразийском пространстве.— 2002.— [С. 222-223]
المؤلف الرئيسي: Першиков А. Н. Анатолий Николаевич
الملخص:Заглавие с титульного листа
Электронная версия печатной публикации
Монография отражает один из самых кульминационных и драматичных моментов советской истории - 1989-1991 гг. Интересна и привлекательна насыщенностью и разнообразием источников, своеобразной синтезированной методологией.
اللغة:الروسية
منشور في: 2002
سلاسل:Из истории Томского политехнического университета
الموضوعات:
الوصول للمادة أونلاين:http://www.lib.tpu.ru/fulltext/v/Bulletin_TPU/2002/v305/i7/23.pdf
التنسيق: MixedMaterials الكتروني فصل الكتاب
KOHA link:https://koha.lib.tpu.ru/cgi-bin/koha/opac-detail.pl?biblionumber=166772

MARC

LEADER 00000nla2a2200000 4500
001 166772
005 20231031162558.0
035 |a (RuTPU)RU\TPU\book\180902 
035 |a RU\TPU\book\180898 
090 |a 166772 
100 |a 20091007d2002 k y0rusy50 ca 
101 0 |a rus 
102 |a RU 
135 |a drnn ---uucaa 
200 1 |a Новая книга о рабочем движении: В. П. Андреев, Д. В. Воронин "Шахтеры и шахтерское движение в Кузбассе в 1989-1991 гг."  |f А. Н. Першиков 
215 |a 1 файл (292 Кб) 
225 1 |a Из истории Томского политехнического университета 
230 |a Электронные текстовые данные (1 файл : 292 Кб) 
300 |a Заглавие с титульного листа 
300 |a Электронная версия печатной публикации 
330 |a Монография отражает один из самых кульминационных и драматичных моментов советской истории - 1989-1991 гг. Интересна и привлекательна насыщенностью и разнообразием источников, своеобразной синтезированной методологией. 
337 |a Adobe Reader 
461 1 |0 (RuTPU)RU\TPU\book\176237  |t Известия Томского политехнического университета [Известия ТПУ]  |f Томский политехнический университет (ТПУ)  |d 2000- 
463 1 |0 (RuTPU)RU\TPU\book\180804  |t Т. 305, вып. 7 : Сибирь в евразийском пространстве  |o тематический выпуск  |f под ред. Л. И. Шерстовой  |v [С. 222-223]  |d 2002  |p 241 с. 
470 |t Шахтеры и шахтерское движение в Кузбассе в 1989-1991 гг.  |f В. П. Андреев, Д. В. Воронин  |c Кемерово  |n Кузбассвузиздат  |d 2002  |a Андреев, В. П. 
610 1 |a труды учёных ТПУ 
610 1 |a электронный ресурс 
610 1 |a рецензии 
610 1 |a Кузбасс 
610 1 |a 20 век 
610 1 |a шахтеры 
610 1 |a шахтерское движение 
610 1 |a социально-экономический кризис 
610 1 |a социально-экономические преобразования 
610 1 |a полемика 
610 1 |a рабочее движение 
610 1 |a монографии 
700 1 |a Першиков  |b А. Н.  |c историк  |c доцент Томского политехнического университета, кандидат исторических наук  |f 1946-  |g Анатолий Николаевич  |2 stltpush  |3 (RuTPU)RU\TPU\pers\26636 
801 1 |a RU  |b 63413507  |c 20090623  |g PSBO 
801 2 |a RU  |b 63413507  |c 20210421  |g PSBO 
856 4 |u http://www.lib.tpu.ru/fulltext/v/Bulletin_TPU/2002/v305/i7/23.pdf 
942 |c CF